Tilastot visalle Imatran pienalueet

Klikkaa tästä pelataksesi tätä visaa!

Yleistilastot

  • Tätä visaa on pelattu 15 kertaa
  • Keskiarvotulos 25 / 66

Vastaustilastot

HintVastaus% Oikein
Vuoksenniskan suuralueNiskan yläaste
86%
Vuoksenniskan suuralueRautio eteläinen
86%
Vuoksenniskan suuralueRautio pohjoinen
86%
Vuoksenniskan suuralueVuoksenniska keskusta
86%
Vuoksenniskan suuralueVuoksenniskan pienteollisuusalue
86%
Imatrankosken suuralueRajapatsas keskusta
79%
Imatrankosken suuralueRajapatsas pohjoinen
79%
Imatrankosken suuralueImatrankosken pienteollisuusalue
71%
Imatrankosken suuralueImatrankoski ala-aste
71%
Imatrankosken suuralueImatrankoski Napinkulma
71%
Imatrankosken suuralueImatrankoski pohjoinen
71%
Imatrankosken suuralueImatrankoski tori
71%
Imatrankosken suuralueImatrankoski Vuoksenranta
71%
Mansikkalan suuralueKarhumäki
71%
Imatrankosken suuralueMeltola eteläinen
71%
Imatrankosken suuralueMeltola pohjoinen
71%
Vuoksenniskan suuralueKaukopää
57%
Mansikkalan suuralueMustalampi
57%
Mansikkalan suuralueSaimaanranta
57%
Vuoksenniskan suuralueImmola
50%
Mansikkalan suuralueItä-Siitola
50%
Mansikkalan suuralueSienimäki
50%
Mansikkalan suuralueTuulikallio
50%
Vuoksenniskan suuralueVirasoja asema
50%
Vuoksenniskan suuralueVirasoja koulu
50%
Imatrankosken suuralueKupari
43%
Mansikkalan suuralueSuo
43%
Mansikkalan suuralueMehiläismäki
36%
Mansikkalan suuraluePaajala
36%
Mansikkalan suuralueSotkulampi
36%
Mansikkalan suuralueVintteri
36%
Vuoksenniskan suuralueHuhtanen
29%
Vuoksenniskan suuralueJäppilänniemi
29%
Mansikkalan suuralueKarhukallio
29%
Vuoksenniskan suuralueKymälahti
29%
Imatrankosken suuralueOnnela
29%
Mansikkalan suuraluePässiniemi
29%
Imatrankosken suuralueSaareksiinmäki
29%
Imatrankosken suuralueSalo-Issakka
29%
Imatrankosken suuralueTeppanala
29%
Imatrankosken suuralueValtionhotelli
29%
Mansikkalan suuralueViraskorpi
29%
Mansikkalan suuralueHarakka
21%
Imatrankosken suuralueJakola
21%
Mansikkalan suuralueKorvenkanta
21%
Mansikkalan suuralueLinnankoski
21%
Mansikkalan suuralueLinnansuo
21%
Imatrankosken suuraluePistetalot
21%
Mansikkalan suuralueFinnvalco
14%
Mansikkalan suuralueImatran Keskus
14%
Imatrankosken suuralueImatran Voima
14%
Mansikkalan suuralueKoulukeskus
14%
Imatrankosken suuralueLiisanpuisto
14%
Vuoksenniskan suuralueMatara
14%
Vuoksenniskan suuralueSaarlampi
14%
Imatrankosken suuralueSavikanta
14%
Imatrankosken suuralueTerästehdas
14%
Mansikkalan suuralueVesitorni
14%
Vuoksenniskan suuralueKurkvuori
7%
Mansikkalan suuralueRitikankoski
7%
Vuoksenniskan suuralueRönkä
7%
Vuoksenniskan suuralueTienhaara
7%
Vuoksenniskan suuralueKerhomäki
0%
Mansikkalan suuralueKeskustan kerrostalot
0%
Vuoksenniskan suuralueKuusirinne
0%
Mansikkalan suuralueMansikkalan pienteollisuusalue
0%

Tulosjakauma

Persentiili vastausten määrän mukaan

Jokaisen tuloksen saaneiden osuus

Tuloshistoriasi

Et ole pelannut tätä visaa